000 00600nam a2200193Ia 4500
008 090201s9999 xx 000 0 und d
010 _aKPL-70398
020 _a81-7185-879-1
040 _bमराठी
041 _aमराठी
082 _a49975
_b70398
100 _aविजय तेंडुलकर
245 _aभाऊ मुरारराव
_cविजय तेंडुलकर
250 _a2
260 _c2005
_bपॉप्युलर प्रकाशन
300 _a90
_bमध्यम
600 _aभाऊ मुरारराव
942 _cBOOK
999 _c246530
_d246530